[Event "Odisha-ch 60th"]
[Site "Balasore"]
[Date "2019.10.03"]
[Round "4"]
[White "Padhi, Kamal Lochan"]
[Black "Nayak, Rajesh"]
[Result "1/2-1/2"]
[WhiteElo "1663"]
[BlackElo "2242"]
[PlyCount "68"]
[EventDate "2019.10.01"]
[EventType "swiss"]
[EventRounds "9"]
[EventCountry "IND"]
[SourceTitle "CBM 192 Extra"]
[Source "Chessbase"]
[SourceDate "2019.11.06"]
[SourceVersion "1"]
[SourceVersionDate "2019.11.06"]
[SourceQuality "1"]

1. d4 d6 2. c4 e5 3. dxe5 dxe5 4. Qxd8+ Kxd8 5. Nc3 Be6 6. b3 c6 7. Bb2 Nd7 8. Nf3 f6 9. 0-0-0 Kc7 10. Nd2 Nh6 11. h3 a5 12. g4 Nf7 13. e3 Nc5 14. Nde4 Nxe4 15. Nxe4 a4 16. f4 axb3 17. axb3 Be7 18. f5 Bc8 19. c5 h6 20. Bc4 Ng5 21. Nd6 b5 22. cxb6+ Kxb6 23. h4 Bxd6 24. hxg5 Bc5 25. Rh3 Ra7 26. g6 Rd7 27. Rxd7 Bxd7 28. e4 Rd8 29. Rd3 Kc7 30. Bc3 Ra8 31. Kb2 Ba3+ 32. Kc2 Bf8 33. Kb2 Ba3+ 34. Kc2 Bf8 1/2-1/2